Reforma de la enseñanza /
Guardado en:
| Autor Principal: | |
|---|---|
| Formato: | Libro |
| Idioma: | Undetermined |
| Publicado: |
Buenos Aires :
Difusión,
1939.
|
| Materias: | |
| Etiquetas: |
Agregar Etiqueta
Sin Etiquetas, Sea el primero en etiquetar este registro!
|
| LEADER | 00445nam a22001455a 4500 | ||
|---|---|---|---|
| 001 | EHU.bham047310 | ||
| 005 | 20110621092439.0 | ||
| 008 | 110621s1939####ag############000#0#und#d | ||
| 100 | 1 | |a Castellani, Leonardo. | |
| 245 | 0 | 0 | |a Reforma de la enseñanza / |c Leonardo Castellani. |
| 260 | |a Buenos Aires : |b Difusión, |c 1939. | ||
| 300 | |a 217. | ||
| 653 | |a educación | ||
| 653 | |a reforma | ||
| 859 | |a AR-BHAM |b BIB. HUMANIDADES - Donacion Lejarraga |h MFN001529 |p 001529.19 | ||
